Unifying Nursing Practice and Theory (Record no. 5653)

MARC details
000 -LEADER
fixed length control field 00740pam a2200241 a 4500
001 - CONTROL NUMBER
control field 637068
003 - CONTROL NUMBER IDENTIFIER
control field OSt
005 - DATE AND TIME OF LATEST TRANSACTION
control field 20181003131006.0
008 - FIXED-LENGTH DATA ELEMENTS--GENERAL INFORMATION
fixed length control field 931213s1994 enk b 001 0 eng c
010 ## - LIBRARY OF CONGRESS CONTROL NUMBER
LC control number 93048048
020 ## - INTERNATIONAL STANDARD BOOK NUMBER
International Standard Book Number 0750615931 (pbk.) :
Terms of availability �12.50
040 ## - CATALOGING SOURCE
Original cataloging agency DNLM/DLC
Transcribing agency DLC
Modifying agency DLC
050 00 - LIBRARY OF CONGRESS CALL NUMBER
Classification number RT73
Item number .U614 1994
082 ## - DEWEY DECIMAL CLASSIFICATION NUMBER
Classification number WY 195
Item number U1j 1994
100 ## - MAIN ENTRY--PERSONAL NAME
Personal name Edited by Judith, Lathlean; Barbara, Vaughan.
9 (RLIN) 12701
245 00 - TITLE STATEMENT
Title Unifying Nursing Practice and Theory
260 ## - PUBLICATION, DISTRIBUTION, ETC. (IMPRINT)
Place of publication, distribution, etc. Boston :
Name of publisher, distributor, etc. Butterworth-Heinemann,
Date of publication, distribution, etc. 1994.
300 ## - PHYSICAL DESCRIPTION
Extent x, 197 p. ;
Dimensions 22 cm.
504 ## - BIBLIOGRAPHY, ETC. NOTE
Bibliography, etc Includes bibliographical references and index.
650 #0 - SUBJECT ADDED ENTRY--TOPICAL TERM
Topical term or geographic name as entry element Nursing
9 (RLIN) 11785
906 ## - LOCAL DATA ELEMENT F, LDF (RLIN)
a 7
b cbc
c orignew
d 1
e ocip
f 19
g y-gencatlg
942 ## - ADDED ENTRY ELEMENTS (KOHA)
Source of classification or shelving scheme Other/Generic Classification Scheme
Koha item type Open Shelf
Holdings
Withdrawn status Lost status Source of classification or shelving scheme Damaged status Not for loan Home library Current library Date acquired Source of acquisition Inventory number Total Checkouts Full call number Barcode Date last seen Price effective from Koha item type
    Other/Generic Classification Scheme     MUST Main Library MUST Main Library 06/03/2017   2005/23328   WY 195 U1j 1994 2017-0348 06/03/2017 06/03/2017 Open Shelf